00498nam a2200205Ia 450000500170000000800410001702000150005804100080007304300070008108200080008810000230009624500360011925000110015526000370016626000100020330000080021365000270022171000340024801000100028220250425162145.0250425s9999 xx 000 0 und d a9978810439 aspa aec a342 aEDICIONES, LEGALES 0aTEMAS DE DERECHO CONSTITUCIONAL a1A ED. aEcuadorbEDICIONES LEGALESc2003 aQUITO a386 aDERECHO CONSTITUCIONAL aEDICIONES LEGALES DEL ECUADOR a53599